000 01254nam a2200349 a 4500
001 000113831
003 CHAP
005 20220329144415.0
008 170928s2017 mx a fsm |||||||spa d
010 _a110292
011 _a111264
040 _cCHAP
090 _aTesis
100 1 _aJauregui García, Carla Zulema
_9133531
245 1 0 _aValores, simbolismo y emociones en cosumidores de quesillo de Reyes, Etla, Oaxaca /
_h[En línea]
_cpor Carla Zulema Jauregui García y Pablo Cano Magdiel.
260 _aChapingo, Méx. :
_bEl autor,
_c2017.
500 _aPara ver el contenido del material haga clic en la liga
502 _aTesis (Ing. Agroindustrial) -- UACH. Departamento de Ingeniería Agroindustrial
590 _aE8697GMM
_b05
_c20170928
_lUCH01
_h1416
590 _aE8697GMM
_b05
_c20170928
_lUCH01
_h1437
650 1 4 _aQueso
_xAnálisis sensorial.
_9132009
650 1 4 _aQueso
_xCalidad.
_993225
650 1 4 _aQueso
_xConsumo.
_993227
650 1 4 _aQueso
_xMercadeo.
_993230
650 1 4 _aQueso
_xProcesado.
_993233
650 1 4 _aQueso
_xVariedades.
_9125836
700 _aPablo Cano, Magdiel
_9133532
856 _aFinding aid
_uhttp://10.13.5.2/tesis/sist113831.pdf
_zTeclea aquí
901 _aBK
942 _cTESIS
942 _n0
999 _c110292
_d110292